000 00380nam a2200145Ia 4500
008 240624s9999 xx 000 0 und d
041 _aeng
082 _a330 SEX
100 _aSEXTON ROBERT L
245 _aEXPLORATION OF ECONOMICS
250 _a(5th ed.)
260 _c2011
_aAustralia
_bSouth-Western Cengage Learning
300 _axxxi, : 992 : p. : cm. ; 27
365 _c
_b25
999 _c16727
_d16727